Catecismo de la doctrina cristiana / (Record no. 163557)

MARC details
000 -LEADER
campo de control de longitud fija 00949nam a2200253 i 4500
001 - NÚMERO DE CONTROL
campo de control 163557
003 - IDENTIFICADOR DE NÚMERO DE CONTROL
campo de control ES-MaACL
005 - FECHA Y HORA DE LA ÚLTIMA TRANSACCIÓN
campo de control 20250816083405.0
008 - DATOS DE LONGITUD FIJA--INFORMACIÓN GENERAL
campo de control de longitud fija 050714s1886 mx | |||||||| ||spa d
040 ## - FUENTE DE CATALOGACIÓN
Lengua de catalogación spa
Centro/agencia transcriptor ES-MaACL
080 ## - NÚMERO DE LA CLASIFICACIÓN DECIMAL UNIVERSAL
Número de la Clasificación Decimal Universal 27-282.4
100 1# - ENTRADA PRINCIPAL--NOMBRE DE PERSONA
Nombre de persona Ripalda, Jerónimo de,
Fechas asociadas al nombre 1536-1618
Término indicativo de función/relación Autor
9 (RLIN) 223864
245 10 - MENCIÓN DEL TÍTULO
Título Catecismo de la doctrina cristiana /
Mención de responsabilidad, etc. por el padre Gerónimo de Ripalda ; traducida al idioma mejicano por Miguel Trinidad Palma.
260 ## - PUBLICACIÓN, DISTRIBUCIÓN, ETC.
Lugar de publicación, distribución, etc. Puebla :
Nombre del editor, distribuidor, etc. [s.n.],
Fecha de publicación, distribución, etc. 1886
Fabricante (Imprenta de M. Corona)
300 ## - DESCRIPCIÓN FÍSICA
Extensión 114 páginas ;
Dimensiones 14 cm.
500 ## - NOTA GENERAL
Nota general El idioma mejicano es la lengua nahuatl
655 #7 - TERMINO DE INDIZACIÓN--GENERO/FORMA
9 (RLIN) 234608
Datos o término principal de género/forma Catecismos
700 1# - ENTRADA AGREGADA--NOMBRE PERSONAL
Nombre de persona Palma, Miguel Trinidad
Término indicativo de función/relación Traductor
9 (RLIN) 130801
752 ## - ENTRADA AGREGADA--NOMBRE JERÁRQUICO DEL LUGAR
País o entidad superior México -
Ciudad Puebla
852 ## - LOCALIZACIÓN
Ubicación ES-MaACL
Ubicación en estantería Depósito 2
Marcas de propiedad Sello de Francisco Orozco y Jiménez, obispo de Chiapas
Número de control de estantería G-1374
Encuadernación Cartoné
942 ## - ELEMENTOS DE ENTRADA SECUNDARIOS (KOHA)
Tipo de ítem Koha Libro impreso antiguo
Suprimir en OPAC No
Holdings
Estatus retirado Estado de pérdida Estado de daño No para préstamo Colección Biblioteca de origen Biblioteca actual Ubicación en estantería Fecha de adquisición Fuente de adquisición Total de préstamos Signatura topográfica completa Código de barras Visto por última vez Precio de reemplazo Tipo de ítem Koha
        Libros del s. XIX Biblioteca del Ateneo de Madrid Biblioteca del Ateneo de Madrid Depósito 2 17/01/2008     G-1374 1171392 23/02/2023 23/02/2023 Libro impreso antiguo